| 000 | 00856nam a2200241 i 4500 | ||
|---|---|---|---|
| 001 | 79504 | ||
| 003 | ES-MaACL | ||
| 005 | 20250830063054.0 | ||
| 007 | t| | ||
| 008 | 041021q1935 sp ||||1| spa d | ||
| 100 | 1 |
_aHerbart, Johann Friedrich. _9147761 |
|
| 245 | 1 | 0 |
_aPedagogía general derivada del fin de la educación / _cJ.F. Herbart ; traducción por Lorenzo Luzuriaga ; prólogo de José Ortega y Gasset. |
| 260 |
_aMadrid : _bEspasa-Calpe, _c[ca. 1935] |
||
| 300 |
_a596 p. ; _c20 cm. |
||
| 490 | 1 |
_aCiencia y educación (Espasa-Calpe) _9242129 |
|
| 650 | 7 |
_aPedagogía _2embne _915904 |
|
| 700 | 1 |
_aLuzuriaga, Lorenzo, _d1889-1959 _974917 |
|
| 700 | 1 |
_aOrtega y Gasset, José, _d1883-1955 _987503 |
|
| 830 | 0 |
_aCiencia y educación (Espasa-Calpe) _9242129 |
|
| 852 | 4 |
_aES-MaACL _jA-3707 |
|
| 942 | _2udc | ||
| 999 |
_c79504 _d79504 |
||